| 000 | 01001nam0a22002771 4500 | ||
|---|---|---|---|
| 001 | rc\3006031 | ||
| 005 | 20250806200818.0 | ||
| 035 | _a(NLR Aleph) 007148918 | ||
| 090 |
_a3135 _c3135 |
||
| 100 | _a20110921d1945 u y0rusy50 ca | ||
| 101 | 0 | _arus | |
| 102 | _aRU | ||
| 105 | _aa z ||||| | ||
| 200 | 1 |
_aПервые уроки слесарного дела _fА.В. Северьянов |
|
| 205 | _a3-е изд. | ||
| 210 |
_a[Ленинград] _cЛениздат _d1945 _gтип. № 1 Упр. полиграфии и изд-в Исполкома Ленгорсовета |
||
| 215 |
_a56 с. _cил., черт. _d19 см |
||
| 225 | 1 | _aВ помощь молодому рабочему | |
| 700 | 1 |
_aСеверьянов _bА.А. _gАлександр Аркадьевич |
|
| 801 | 0 |
_aRU _bNLR _gpsbo |
|
| 801 | 1 |
_aRU _bELAR _2rusmarc |
|
| 852 |
_aNLR _jТ36 Г-4/386 |
||
| 942 | _cBOOK | ||
| 945 | _aРоссийская национальная библиотека | ||
| 980 | _aNB | ||
| 980 | _aBV | ||